<The> Measurement of Psychic Distance: Case of Foreign Investors in Slovakia
Teoretické základy psychického odstupu a metodológia jeho merania. Analýzy predpovedania výkonu.
Na minha lista:
| Autor principal: | |
|---|---|
| Outros Autores: | |
| Formato: | Capítulo de Livro |
| Idioma: | inglês |
| Assuntos: | |
| Tags: |
Sem tags, seja o primeiro a adicionar uma tag!
|
MARC
| LEADER | 00000naa$a2200000$$$4500 | ||
|---|---|---|---|
| 001 | 0109019 | ||
| 005 | 20240709094032.8 | ||
| 041 | 0 | |a eng | |
| 044 | |a SK | ||
| 245 | 1 | 0 | |a <The> Measurement of Psychic Distance: Case of Foreign Investors in Slovakia |c Douglas Dow, Soňa Ferenčíková |
| 520 | |a Teoretické základy psychického odstupu a metodológia jeho merania. Analýzy predpovedania výkonu. | ||
| 610 | 2 | 0 | |a investície priame zahraničné |
| 610 | 2 | 0 | |a Slovensko |
| 610 | 2 | 0 | |a investori |
| 610 | 2 | 0 | |a prognózy |
| 610 | 2 | 0 | |a výkonnosť |
| 610 | 2 | 0 | |a psychológia |
| 610 | 2 | 0 | |a metódy ekonomicko-matematické |
| 610 | 2 | 0 | |a trh |
| 610 | 2 | 0 | |a joint ventures |
| 100 | 1 | |a Dow, Douglas | |
| 700 | 1 | |a Ferenčíková, Soňa, 1960- | |